[Event "BLR-ch U20 Girls"]
[Site "Minsk"]
[Date "2023.04.12"]
[Round "6"]
[White "Danchanka, Zlata"]
[Black "Khomich, Maryna"]
[Result "1/2-1/2"]
[WhiteElo "1745"]
[BlackElo "1694"]
[PlyCount "108"]
[EventDate "2023.04.12"]
[EventType "tourn"]
[EventRounds "9"]
[EventCountry "BLR"]
[SourceTitle "EXT 2024"]
[Source "ChessBase"]
[SourceDate "2023.10.10"]
[SourceVersion "1"]
[SourceVersionDate "2023.10.10"]
[SourceQuality "1"]

1. d4 d5 2. Nf3 Nf6 3. Bf4 Bf5 4. e3 c6 5. Bd3 Bxd3 6. Qxd3 e6 7. 0-0 Bd6 8. Bxd6 Qxd6 9. c4 Nbd7 10. Nc3 0-0 11. e4 dxe4 12. Nxe4 Nxe4 13. Qxe4 Rfd8 14. Rad1 Qb4 15. Qc2 b5 16. b3 a5 17. d5 cxd5 18. cxd5 exd5 19. Rxd5 Nf6 20. Rc5 a4 21. Rc1 h6 22. h3 Ne4 23. Rc7 axb3 24. axb3 Nd6 25. Ne5 Re8 26. Nd3 Qd4 27. Qc3 Qxc3 28. R1xc3 Ra1+ 29. Kh2 Ne4 30. Rc8 Ra8 31. Rxe8+ Rxe8 32. Rc2 Rd8 33. Ne5 f6 34. Nc6 Rd3 35. f3 Nd2 36. b4 Nc4 37. Ra2 Ra3 38. Re2 Re3 39. Rxe3 Nxe3 40. Kg3 Kf7 41. f4 g5 42. fxg5 fxg5 43. Kf3 Nd5 44. g3 Ke6 45. Ke4 Nc3+ 46. Kd4 Ne2+ 47. Kc5 Nxg3 48. Kxb5 Ne4 49. Nd4+ Kd5 50. Nf5 h5 51. Ne3+ Kd4 52. Nf5+ Ke5 53. Ne3 Kd4 54. Nf5+ Ke5 1/2-1/2

[Event "BLR-ch U20 Girls"]
[Site "Minsk"]
[Date "2022.04.16"]
[Round "5"]
[White "Liashkevich, Lizaveta"]
[Black "Khomich, Maryna"]
[Result "1-0"]
[WhiteElo "1638"]
[BlackElo "1618"]
[PlyCount "81"]
[EventDate "2022.04.13"]
[EventType "tourn"]
[EventRounds "11"]
[EventCountry "BLR"]
[SourceTitle "CBM 208 Extra"]
[Source "ChessBase"]
[SourceDate "2022.07.31"]
[SourceVersion "1"]
[SourceVersionDate "2022.07.31"]
[SourceQuality "1"]

1. d4 d5 2. c4 c6 3. cxd5 cxd5 4. Bf4 Nc6 5. e3 Nf6 6. Nc3 a6 7. Bd3 Bg4 8. Nge2 e6 9. Rc1 Rc8 10. 0-0 Be7 11. Na4 Nd7 12. a3 Na5 13. b4 Nc4 14. Bxc4 dxc4 15. f3 Bh5 16. Nc5 Bxc5 17. dxc5 e5 18. Bg3 b5 19. Qd6 Qf6 20. Rfd1 Rd8 21. Qc7 Bg6 22. c6 Nf8 23. Bxe5 Qe7 24. Rxd8+ Qxd8 25. Qb7 Bf5 26. Qxa6 Ng6 27. Qxb5 0-0 28. Bxg7 Kxg7 29. Qxf5 Qd2 30. Qc2 Qxe3+ 31. Kh1 Re8 32. Qc3+ Qxc3 33. Nxc3 Ne5 34. b5 Nd3 35. Rb1 Ne5 36. h3 Ra8 37. a4 f6 38. c7 Rc8 39. b6 Nd7 40. a5 Kf7 41. Nb5 1-0

[Event "BLR-ch U20 Girls"]
[Site "Minsk"]
[Date "2022.04.15"]
[Round "4"]
[White "Khomich, Maryna"]
[Black "Zeliantsova, Kseniya"]
[Result "0-1"]
[WhiteElo "1618"]
[BlackElo "1987"]
[PlyCount "126"]
[EventDate "2022.04.13"]
[EventType "tourn"]
[EventRounds "11"]
[EventCountry "BLR"]
[SourceTitle "CBM 208 Extra"]
[Source "ChessBase"]
[SourceDate "2022.07.31"]
[SourceVersion "1"]
[SourceVersionDate "2022.07.31"]
[SourceQuality "1"]

1. Nf3 Nf6 2. g3 g6 3. Bg2 Bg7 4. 0-0 0-0 5. c4 d6 6. d4 Nbd7 7. Nc3 e5 8. e4 Re8 9. Re1 exd4 10. Nxd4 Nc5 11. h3 Bd7 12. Bf4 Qc8 13. Kh2 h6 14. f3 a5 15. Ndb5 Bxb5 16. cxb5 Nfd7 17. Qc2 Ne5 18. Rad1 Rb8 19. Be3 Ne6 20. Nd5 c6 21. Nb6 Qc7 22. f4 Nd7 23. Nxd7 Qxd7 24. f5 Nf8 25. Bf4 cxb5 26. Rxd6 Qe7 27. Rd5 Rbc8 28. Qd2 Qb4 29. Qxb4 axb4 30. fxg6 Nxg6 31. Re2 Ne5 32. Rxb5 Nd3 33. b3 Re7 34. Bd6 Rd7 35. Bxb4 Nxb4 36. Rxb4 Be5 37. Rb5 f6 38. Bf3 Rc3 39. Bg4 Rdd3 40. Rxb7 Rxg3 41. Rb5 Bf4 42. Be6+ Kf8 43. Rf2 Rxh3+ 44. Kg1 Rc1+ 45. Kg2 Rh2+ 46. Kf3 Rc3+ 47. Kxf4 Rxf2+ 48. Kg4 Rxa2 49. Bd5 Rf2 50. Rb8+ Ke7 51. Rh8 Rh2 52. Rh7+ Kd6 53. Rf7 h5+ 54. Kf5 Rf2+ 55. Kg6 Rg3+ 56. Kh6 h4 57. Ra7 h3 58. Ra6+ Ke5 59. Ra5 h2 60. Bb7+ Kd4 61. Rh5 Rxb3 62. Bc6 Rb6 63. Ba8 Rb8 0-1

[Event "BLR-ch U18 Girls"]
[Site "Orsha"]
[Date "2022.02.16"]
[Round "7"]
[White "Norman, Kseniya"]
[Black "Khomich, Maryna"]
[Result "1-0"]
[WhiteElo "1787"]
[BlackElo "1593"]
[PlyCount "107"]
[EventDate "2022.02.10"]
[EventType "swiss"]
[EventRounds "9"]
[EventCountry "BLR"]
[SourceTitle "CBM 207 Extra"]
[Source "ChessBase"]
[SourceDate "2022.05.31"]
[SourceVersion "1"]
[SourceVersionDate "2022.05.31"]
[SourceQuality "1"]

1. e4 c6 2. d4 d5 3. Nc3 dxe4 4. Nxe4 Bf5 5. Ng3 Bg6 6. h4 h6 7. Nf3 Nd7 8. h5 Bh7 9. Bd3 Bxd3 10. Qxd3 e6 11. Bf4 Qa5+ 12. Bd2 Qc7 13. 0-0-0 0-0-0 14. Ne4 Ngf6 15. g3 Nxe4 16. Qxe4 Bd6 17. c4 c5 18. Kb1 Rhe8 19. Qg4 Bf8 20. d5 Nf6 21. Qh3 Kb8 22. dxe6 Rxe6 23. Qf5 Ne4 24. Be3 b6 25. Rxd8+ Qxd8 26. Ne5 Nf6 27. Qxe6 fxe6 28. Nc6+ Kc8 29. Nxd8 Kxd8 30. Bf4 Ke8 31. f3 Nd7 32. Re1 Kf7 33. Rd1 Nf6 34. g4 Be7 35. a4 Ke8 36. Be5 Bd8 37. Kc2 Ke7 38. a5 a6 39. axb6 Bxb6 40. Ra1 a5 41. Bc3 Bc7 42. Bxa5 Be5 43. Bc3 Nd7 44. Ra7 Bf6 45. Bxf6+ gxf6 46. Kc3 Kd6 47. Rxd7+ Kxd7 48. b4 cxb4+ 49. Kxb4 Kc6 50. c5 Kd7 51. Kb5 Kc7 52. c6 Kc8 53. Kb6 Kb8 54. f4 1-0

[Event "BLR-ch (Women)"]
[Site "Minsk"]
[Date "2022.01.19"]
[Round "9"]
[White "Poliakova, Varvara"]
[Black "Khomich, Maryna"]
[Result "1-0"]
[WhiteElo "2072"]
[BlackElo "1601"]
[PlyCount "47"]
[EventDate "2022.01.11"]
[EventType "tourn"]
[EventRounds "9"]
[EventCountry "BLR"]
[SourceTitle "CBM 206 Extra"]
[Source "ChessBase"]
[SourceDate "2022.03.31"]
[SourceVersion "1"]
[SourceVersionDate "2022.03.31"]
[SourceQuality "1"]

1. e4 c6 2. d4 d5 3. Nd2 dxe4 4. Nxe4 Bf5 5. Ng3 Bg6 6. h4 h6 7. Nh3 e6 8. Nf4 Bh7 9. c3 Nf6 10. Bd3 Bxd3 11. Qxd3 Nbd7 12. 0-0 Bd6 13. Re1 0-0 14. Qf3 Nd5 15. Nfh5 N5f6 16. Ne4 Be7 17. Nexf6+ Nxf6 18. Bxh6 Nxh5 19. Qxh5 Bxh4 20. Re4 Bf6 21. Rg4 Qd5 22. Rxg7+ Kh8 23. Bg5+ Kxg7 24. Qh6+ 1-0

[Event "BLR-ch (Women)"]
[Site "Minsk"]
[Date "2022.01.12"]
[Round "2"]
[White "Liashkevich, Lizaveta"]
[Black "Khomich, Maryna"]
[Result "1/2-1/2"]
[WhiteElo "1584"]
[BlackElo "1601"]
[PlyCount "71"]
[EventDate "2022.01.11"]
[EventType "tourn"]
[EventRounds "9"]
[EventCountry "BLR"]
[SourceTitle "CBM 206 Extra"]
[Source "ChessBase"]
[SourceDate "2022.03.31"]
[SourceVersion "1"]
[SourceVersionDate "2022.03.31"]
[SourceQuality "1"]

1. d4 d5 2. c4 c6 3. cxd5 cxd5 4. Bf4 Nc6 5. Nc3 Nf6 6. e3 Bf5 7. Qb3 Na5 8. Qa4+ Bd7 9. Qc2 e6 10. Bd3 Rc8 11. Nf3 Bb4 12. 0-0 Nc4 13. Rac1 Qa5 14. Bxc4 Rxc4 15. Ne5 Rc8 16. Qb3 Bxc3 17. Rxc3 Rxc3 18. bxc3 Bb5 19. c4 Ba6 20. Rc1 0-0 21. cxd5 Nxd5 22. Bg3 Qd2 23. Qa3 Be2 24. h3 a5 25. Nd7 Rd8 26. Ne5 h6 27. Nc4 Bxc4 28. Rxc4 Ra8 29. Qb3 b6 30. a3 Qe2 31. Kh2 Kh7 32. Qb1+ Kg8 33. Qb3 Kh7 34. Qb1+ Kg8 35. Qb3 Kh7 36. Qb1+ 1/2-1/2

[Event "BLR-ch (Women)"]
[Site "Minsk"]
[Date "2021.12.11"]
[Round "3"]
[White "Zeliantsova, Kseniya"]
[Black "Khomich, Maryna"]
[Result "1-0"]
[WhiteElo "1988"]
[BlackElo "1627"]
[PlyCount "65"]
[EventDate "2021.12.09"]
[EventType "swiss"]
[EventRounds "9"]
[EventCountry "BLR"]
[SourceTitle "EXT 2023"]
[Source "ChessBase"]
[SourceDate "2022.10.05"]
[SourceVersion "1"]
[SourceVersionDate "2022.10.05"]
[SourceQuality "1"]

1. e4 c6 2. d4 d5 3. Nd2 dxe4 4. Nxe4 Bf5 5. Ng3 Bg6 6. h4 h6 7. h5 Bh7 8. Nf3 Nd7 9. Bd3 Bxd3 10. Qxd3 e6 11. Bf4 Qa5+ 12. Nd2 Ngf6 13. Qb3 Qb6 14. Nc4 Qxb3 15. axb3 c5 16. Ne2 b5 17. Na3 cxd4 18. Nxb5 Nd5 19. c4 Bb4+ 20. Bd2 Nc5 21. Nexd4 e5 22. Nf3 Bxd2+ 23. Nxd2 Nb4 24. Nc7+ Kd7 25. Nxa8 Nc2+ 26. Ke2 Nxa1 27. Rxa1 Rxa8 28. Ra5 Kd6 29. b4 Nd7 30. Ne4+ Kc6 31. Ra6+ Kc7 32. b5 Nb8 33. b6+ 1-0

[Event "Chigorin Memorial 28th"]
[Site "St Petersburg"]
[Date "2021.10.30"]
[Round "8"]
[White "Utemisov, Damir"]
[Black "Khomich, Maryna"]
[Result "1-0"]
[WhiteElo "1919"]
[BlackElo "1541"]
[PlyCount "115"]
[EventDate "2021.10.23"]
[EventType "swiss"]
[EventRounds "9"]
[EventCountry "RUS"]
[SourceTitle "EXT 2023"]
[Source "ChessBase"]
[SourceDate "2022.10.05"]
[SourceVersion "1"]
[SourceVersionDate "2022.10.05"]
[SourceQuality "1"]

1. e3 d5 2. Nf3 Nf6 3. c4 c6 4. Nc3 g6 5. d4 Bg7 6. Be2 0-0 7. 0-0 Bg4 8. Ne5 Bxe2 9. Qxe2 Nfd7 10. f4 f6 11. Nf3 e6 12. e4 Re8 13. Be3 Nb6 14. c5 Nc4 15. b3 Nxe3 16. Qxe3 Na6 17. a3 Nc7 18. e5 f5 19. h4 Qe7 20. b4 Rec8 21. a4 Qe8 22. Rfb1 Qd7 23. b5 Ne8 24. Ra2 Bh6 25. g3 Bf8 26. Rab2 Be7 27. bxc6 bxc6 28. Qd3 Nc7 29. a5 Bd8 30. Rb7 Qg7 31. Na4 Qf8 32. Kg2 Nb5 33. a6 Rc7 34. Nc3 Nxc3 35. Qxc3 Rac8 36. R7b2 h6 37. Rb7 Qe7 38. R1b3 Qd7 39. Qb2 Kf8 40. Rxc7 Rxc7 41. Rb8 Ke8 42. Ra8 Rc8 43. Qb7 Rxa8 44. Qxa8 Qc7 45. Kh3 Kf7 46. Ng1 Kg7 47. Nf3 Kf7 48. Ne1 Kg7 49. Nd3 g5 50. hxg5 hxg5 51. fxg5 Bxg5 52. Qb7 Qf7 53. Nb4 Be7 54. Kg2 Kh6 55. Qc8 f4 56. Qh8+ Kg6 57. g4 f3+ 58. Kg3 1-0

[Event "Moscow Botvinnik Cup U14 Girls"]
[Site "Moscow"]
[Date "2021.08.23"]
[Round "8"]
[White "Khomich, Maryna"]
[Black "Kleymenova, Valeria"]
[Result "1/2-1/2"]
[WhiteElo "1485"]
[BlackElo "2087"]
[PlyCount "76"]
[EventDate "2021.08.19"]
[EventType "tourn"]
[EventRounds "9"]
[EventCountry "RUS"]
[SourceTitle "CBM 204 Extra"]
[Source "ChessBase"]
[SourceDate "2021.11.30"]
[SourceVersion "1"]
[SourceVersionDate "2021.11.30"]
[SourceQuality "1"]

1. Nf3 d5 2. g3 c6 3. Bg2 Bg4 4. 0-0 Nd7 5. h3 Bxf3 6. Bxf3 e5 7. d3 Ngf6 8. c4 Bd6 9. cxd5 Nxd5 10. Nc3 N5f6 11. Be3 Bc5 12. Bxc5 Nxc5 13. b4 Ne6 14. b5 Nd4 15. bxc6 Nxf3+ 16. exf3 bxc6 17. Qa4 0-0 18. Ne4 Qxd3 19. Nxf6+ gxf6 20. Qxc6 Qf5 21. g4 Rac8 22. Qb7 Qf4 23. Qxa7 Rc3 24. Rae1 Rxf3 25. Re3 h5 26. Rxf3 Qxf3 27. Rb1 hxg4 28. Rb3 Qd1+ 29. Kh2 Kg7 30. Rg3 Rh8 31. Qe3 Rxh3+ 32. Rxh3 gxh3 33. Qxh3 Qa4 34. Qg3+ Kf8 35. a3 Qc2 36. Qh4 Ke7 37. a4 e4 38. a5 Qc7+ 1/2-1/2

[Event "Moscow Botvinnik Cup U14 Girls"]
[Site "Moscow"]
[Date "2021.08.22"]
[Round "6"]
[White "Khomich, Maryna"]
[Black "Humbatova, Nazli"]
[Result "1/2-1/2"]
[WhiteElo "1485"]
[BlackElo "1691"]
[PlyCount "57"]
[EventDate "2021.08.19"]
[EventType "tourn"]
[EventRounds "9"]
[EventCountry "RUS"]
[SourceTitle "CBM 204 Extra"]
[Source "ChessBase"]
[SourceDate "2021.11.30"]
[SourceVersion "1"]
[SourceVersionDate "2021.11.30"]
[SourceQuality "1"]

1. c4 e6 2. Nf3 Nf6 3. g3 d5 4. Bg2 dxc4 5. Qa4+ Bd7 6. Qxc4 c5 7. d4 Bc6 8. 0-0 Bd5 9. Qb5+ Nbd7 10. Nc3 Bc6 11. Qd3 cxd4 12. Nxd4 Bxg2 13. Kxg2 Be7 14. e4 0-0 15. Nf3 Nc5 16. Qe2 Qd3 17. Qxd3 Nxd3 18. Bg5 h6 19. Bc1 Bb4 20. Rb1 b6 21. Rd1 Nxc1 22. Rbxc1 Bxc3 23. Rxc3 Nxe4 24. Rc7 a5 25. Ne5 Nf6 26. Nd7 Nxd7 27. Rdxd7 Rad8 28. Kf3 Rxd7 29. Rxd7 1/2-1/2

[Event "Moscow Botvinnik Cup U14 Girls"]
[Site "Moscow"]
[Date "2021.08.22"]
[Round "7"]
[White "Zafari, Shukrona"]
[Black "Khomich, Maryna"]
[Result "0-1"]
[WhiteElo "1074"]
[BlackElo "1485"]
[PlyCount "82"]
[EventDate "2021.08.19"]
[EventType "tourn"]
[EventRounds "9"]
[EventCountry "RUS"]
[SourceTitle "CBM 204 Extra"]
[Source "ChessBase"]
[SourceDate "2021.11.30"]
[SourceVersion "1"]
[SourceVersionDate "2021.11.30"]
[SourceQuality "1"]

1. d4 d5 2. c4 c6 3. Nc3 Nf6 4. Bf4 Bf5 5. e3 e6 6. a3 Be7 7. h3 0-0 8. Nf3 Nbd7 9. Be2 Rc8 10. 0-0 dxc4 11. Bxc4 c5 12. dxc5 Nxc5 13. Qxd8 Rfxd8 14. Rfd1 Nfe4 15. Nb5 a6 16. Nbd4 Nxf2 17. Kxf2 Ne4+ 18. Kg1 Rxc4 19. Nxf5 exf5 20. Rac1 Rxc1 21. Rxc1 g5 22. Be5 g4 23. hxg4 fxg4 24. Nd4 Bg5 25. Nf5 f6 26. Bf4 Bxf4 27. exf4 Rd7 28. Rc8+ Kf7 29. Nh6+ Kg6 30. Nxg4 Kf5 31. Nf2 Kxf4 32. Nxe4 Kxe4 33. Re8+ Kd5 34. Rf8 Rd6 35. Rf7 Rb6 36. Rxh7 Rxb2 37. Rh5+ Kc4 38. Rh4+ Kb3 39. Rb4+ Kxa3 40. Rxb2 Kxb2 41. Kf2 a5 0-1

[Event "Moscow Botvinnik Cup U14 Girls"]
[Site "Moscow"]
[Date "2021.08.19"]
[Round "1"]
[White "Nurmanova, Alua"]
[Black "Khomich, Maryna"]
[Result "1/2-1/2"]
[WhiteElo "2221"]
[BlackElo "1485"]
[PlyCount "96"]
[EventDate "2021.08.19"]
[EventType "tourn"]
[EventRounds "9"]
[EventCountry "RUS"]
[SourceTitle "CBM 204 Extra"]
[Source "ChessBase"]
[SourceDate "2021.11.30"]
[SourceVersion "1"]
[SourceVersionDate "2021.11.30"]
[SourceQuality "1"]

1. e4 c6 2. d3 d5 3. Nd2 e5 4. Ngf3 Bd6 5. g3 Nf6 6. Bg2 0-0 7. 0-0 dxe4 8. dxe4 Be6 9. Qe2 Nbd7 10. Nc4 Bxc4 11. Qxc4 Qc7 12. Nh4 g6 13. f4 Qb6+ 14. Kh1 Qb5 15. Qxb5 cxb5 16. Be3 Ng4 17. Bg1 Bc5 18. Bh3 h5 19. Rad1 Bxg1 20. Kxg1 Nb6 21. Rd3 Rfe8 22. f5 g5 23. Bxg4 hxg4 24. Ng2 Rac8 25. Ne3 Kg7 26. b3 Rc6 27. Rf2 Rec8 28. Rdd2 f6 29. Nxg4 a5 30. Rg2 Rh8 31. Ne3 Kf7 32. Nd5 Nc8 33. a3 Nd6 34. Rge2 Rhc8 35. Kg2 Rd8 36. Ne3 Ke7 37. Rd3 Nxe4 38. Rxd8 Kxd8 39. c4 Nd6 40. Rd2 Ke7 41. Rc2 bxc4 42. bxc4 Rc5 43. Kf3 b5 44. cxb5 Rxc2 45. Nxc2 Nxb5 46. h4 gxh4 47. gxh4 Kf7 48. Kg3 Kg7 1/2-1/2

[Event "BLR-ch U20 Girls"]
[Site "Minsk"]
[Date "2021.04.20"]
[Round "5"]
[White "Khomich, Maryna"]
[Black "Poliakova, Varvara"]
[Result "1/2-1/2"]
[WhiteElo "1409"]
[BlackElo "1918"]
[PlyCount "141"]
[EventDate "2021.04.16"]
[EventType "tourn"]
[EventRounds "7"]
[EventCountry "BLR"]
[SourceTitle "EXT 2022"]
[Source "ChessBase"]
[SourceDate "2021.10.06"]
[SourceVersion "1"]
[SourceVersionDate "2021.10.06"]
[SourceQuality "1"]

1. Nf3 d6 2. d4 Nd7 3. g3 e5 4. dxe5 dxe5 5. Bg2 Ngf6 6. 0-0 c6 7. b3 Qc7 8. Bb2 Bc5 9. Nbd2 0-0 10. c4 e4 11. Nd4 e3 12. Ne4 Nxe4 13. Bxe4 Nf6 14. Bg2 exf2+ 15. Rxf2 Ng4 16. Rf3 Qe5 17. h3 Ne3 18. Qd3 Re8 19. Re1 Qe4 20. Kh1 Nxg2 21. Kxg2 Bd7 22. Bc3 Rad8 23. Qxe4 Rxe4 24. Nf5 Rde8 25. Kf1 Bf8 26. g4 b5 27. Ng3 R4e6 28. Rd3 Bc8 29. cxb5 cxb5 30. Nf5 Ra6 31. Ra1 b4 32. Bd4 g6 33. Ne3 Bb7 34. Nc4 Be4 35. Rd2 f5 36. g5 Bd5 37. Ne5 Be6 38. Rc1 Rd6 39. Rcd1 Bg7 40. Nc4 Bxc4 41. bxc4 Bxd4 42. Rxd4 Rxd4 43. Rxd4 Kf7 44. Rd5 Re4 45. Rd7+ Re7 46. Rd5 Ke6 47. Rb5 Rc7 48. Rxb4 Ke5 49. Kf2 Kf4 50. h4 a5 51. Rb5 Kg4 52. Rxa5 Kxh4 53. c5 Kxg5 54. Ke3 h5 55. Kd4 h4 56. Rb5 Rd7+ 57. Ke3 Rd1 58. Rb8 Rc1 59. Kd4 h3 60. Rh8 Kg4 61. Kd5 Kg3 62. c6 h2 63. Kd6 h1Q 64. Rxh1 Rxh1 65. c7 Rc1 66. a4 Rd1+ 67. Ke7 Rc1 68. Kd7 Rd1+ 69. Ke7 Rc1 70. Kd7 Rd1+ 71. Ke7 1/2-1/2

[Event "BLR-ch U20 Girls"]
[Site "Minsk"]
[Date "2021.04.17"]
[Round "2"]
[White "Tarasenka, Aliaksandra"]
[Black "Khomich, Maryna"]
[Result "1-0"]
[WhiteElo "1966"]
[BlackElo "1409"]
[PlyCount "55"]
[EventDate "2021.04.16"]
[EventType "tourn"]
[EventRounds "7"]
[EventCountry "BLR"]
[SourceTitle "EXT 2022"]
[Source "ChessBase"]
[SourceDate "2021.10.06"]
[SourceVersion "1"]
[SourceVersionDate "2021.10.06"]
[SourceQuality "1"]

1. e4 c6 2. c4 d5 3. exd5 cxd5 4. cxd5 Nf6 5. Bb5+ Nbd7 6. Nc3 a6 7. Bxd7+ Qxd7 8. Nf3 Nxd5 9. 0-0 g6 10. Ne5 Nxc3 11. bxc3 Qc7 12. Qa4+ Bd7 13. Qf4 0-0-0 14. d4 Bg7 15. Re1 Be8 16. Qg4+ e6 17. Bf4 h5 18. Qh4 Rh6 19. Nxg6 Bf6 20. Qxf6 Rxg6 21. Bxc7 Rxf6 22. Bxd8 Kxd8 23. Re5 h4 24. Rae1 Bc6 25. g3 Bd5 26. a3 Rf3 27. R1e3 hxg3 28. Rxd5+ 1-0

[Event "Minsk ODM Team Cup U16"]
[Site "Minsk"]
[Date "2021.??.??"]
[Round "1.6"]
[White "Shaban, Aliaksandra"]
[Black "Khomich, Maryna"]
[Result "1-0"]
[WhiteElo "1582"]
[BlackElo "1409"]
[PlyCount "69"]
[EventDate "2021.03.01"]
[EventType "team-tourn"]
[EventRounds "7"]
[EventCountry "BLR"]
[SourceTitle "EXT 2022"]
[Source "ChessBase"]
[SourceDate "2021.10.06"]
[SourceVersion "1"]
[SourceVersionDate "2021.10.06"]
[SourceQuality "1"]
[WhiteTeam "Brest Region"]
[BlackTeam "Minsk"]
[WhiteTeamCountry "BLR"]
[BlackTeamCountry "BLR"]

1. e4 c6 2. d4 d5 3. Nd2 dxe4 4. Nxe4 Bf5 5. Ng3 Bg6 6. f4 e6 7. Nf3 Nd7 8. c3 Bd6 9. Bd3 Ngf6 10. 0-0 Qc7 11. f5 exf5 12. Qe2+ Ne4 13. Nxf5 Bxf5 14. Bxe4 Be6 15. Bf5 Nf8 16. Ng5 0-0-0 17. Bxe6+ fxe6 18. Nf7 Bxh2+ 19. Kh1 Nd7 20. Bg5 Rde8 21. Nxh8 Rxh8 22. Qxe6 h6 23. Be7 Bf4 24. Qf7 g5 25. Qg7 Re8 26. Rae1 Qa5 27. Qg6 Rh8 28. Bf6 Rf8 29. Re8+ Rxe8 30. Qxe8+ Kc7 31. Bd8+ Kd6 32. Bxa5 b6 33. Bb4+ c5 34. dxc5+ bxc5 35. Rd1+ 1-0

[Event "Wch FIDE Online U12 Girls Europe qual"]
[Site "Tornelo INT"]
[Date "2020.12.07"]
[Round "1"]
[White "Arora, Tashika"]
[Black "Khomich, Maryna"]
[Result "1/2-1/2"]
[WhiteElo "1413"]
[BlackElo "1412"]
[PlyCount "141"]
[EventDate "2020.12.07"]
[EventType "swiss (rapid)"]
[EventRounds "7"]
[EventCountry "ISS"]
[SourceTitle "EXT 2022"]
[Source "ChessBase"]
[SourceDate "2021.10.06"]
[SourceVersion "1"]
[SourceVersionDate "2021.10.06"]
[SourceQuality "1"]

1. d4 d5 2. Nf3 Nf6 3. c4 c6 4. Nc3 dxc4 5. a4 Bf5 6. Ne5 Nbd7 7. Nxc4 Nb6 8. Ne5 Nfd7 9. Nf3 e6 10. e4 Bg6 11. Bd3 Bb4 12. 0-0 0-0 13. Bf4 Qe7 14. Bg5 f6 15. Be3 Rad8 16. a5 Nc8 17. Qb3 Bxc3 18. bxc3 Nd6 19. Qb4 Rfe8 20. Nd2 e5 21. f3 Nf7 22. Qxe7 Rxe7 23. Rfb1 Nc5 24. Bc2 Ne6 25. Bb3 exd4 26. Bxe6 dxe3 27. Bxf7+ Bxf7 28. Nf1 e2 29. Ng3 Bc4 30. Kf2 Rd2 31. Re1 Rc2 32. Rac1 Ra2 33. Nxe2 Bxe2 34. Rxe2 Rxa5 35. Rd2 Rae5 36. Ra1 a6 37. Rb2 Kf7 38. Rab1 Rb5 39. c4 Rxb2+ 40. Rxb2 b5 41. cxb5 cxb5 42. Ke3 Rd7 43. Ra2 Rd6 44. Rc2 Ke6 45. Rc7 g5 46. Rxh7 Rb6 47. Rc7 b4 48. Rc2 a5 49. Kd4 Kd6 50. Rb2 a4 51. Kc4 a3 52. Rb1 b3 53. Rxb3 Rc6+ 54. Kb4 a2 55. Ra3 Rc2 56. Kb3 Rxg2 57. Rxa2 Rxa2 58. Kxa2 Ke5 59. Kb3 Kf4 60. Kc4 Kxf3 61. Kd5 Kf4 62. h3 Kg3 63. Ke6 Kxh3 64. Kxf6 g4 65. e5 g3 66. e6 g2 67. e7 g1Q 68. e8Q Qf2+ 69. Ke7 Qe3+ 70. Kd7 Qxe8+ 71. Kxe8 1/2-1/2

[Event "Wch FIDE Online U12 Girls Europe qual"]
[Site "Tornelo INT"]
[Date "2020.12.07"]
[Round "2"]
[White "Khomich, Maryna"]
[Black "Gvatua, Mariam"]
[Result "0-1"]
[WhiteElo "1412"]
[BlackElo "1353"]
[PlyCount "144"]
[EventDate "2020.12.07"]
[EventType "swiss (rapid)"]
[EventRounds "7"]
[EventCountry "ISS"]
[SourceTitle "EXT 2022"]
[Source "ChessBase"]
[SourceDate "2021.10.06"]
[SourceVersion "1"]
[SourceVersionDate "2021.10.06"]
[SourceQuality "1"]

1. c4 Nf6 2. Nf3 e6 3. g3 d5 4. Bg2 c5 5. cxd5 exd5 6. d4 c4 7. Nc3 Nc6 8. 0-0 Bd6 9. Bg5 0-0 10. Bxf6 Qxf6 11. Nxd5 Qg6 12. Rc1 Be6 13. Nc3 Rad8 14. e4 Bg4 15. h3 Bxf3 16. Bxf3 Nxd4 17. Bg2 Nc6 18. Qe2 Ne5 19. Nd5 b5 20. Rfd1 Nd3 21. Rc2 Nb4 22. Nxb4 Bxb4 23. Rd5 Rxd5 24. exd5 Qd3 25. a3 Qxe2 26. Rxe2 Bd6 27. Re1 g6 28. Rc1 Rc8 29. Bf1 a6 30. Be2 Re8 31. Bf3 a5 32. a4 bxa4 33. Rxc4 a3 34. bxa3 Bxa3 35. Ra4 Bb4 36. Kg2 Kf8 37. Ra1 Rd8 38. Kf1 Ke7 39. Ke2 Kd6 40. Kd3 Rc8 41. Ra2 Rc3+ 42. Ke2 Rc8 43. g4 Rc3 44. Ra1 Rc2+ 45. Kf1 Rc5 46. Rd1 Rc3 47. Kg2 Rc2 48. Be4 Rc4 49. Bf3 Rc3 50. h4 Rc2 51. Be4 Rb2 52. Rc1 Bc5 53. Rc2 Rb4 54. f3 a4 55. h5 a3 56. Ra2 Rd4 57. Kg3 Rd1 58. hxg6 hxg6 59. Bc2 Rg1+ 60. Kf4 Re1 61. Be4 Be3+ 62. Kg3 Bc5 63. Kh4 Rh1+ 64. Kg5 Rh7 65. Kf6 Bd4+ 66. Kg5 Bb2 67. Kf4 Rh2 68. Kg3 Rd2 69. Kf4 Be5+ 70. Kg5 Rxa2 71. Bb1 Rh2 72. f4 Bf6+ 0-1

[Event "Kaliningrad Amateur U20"]
[Site "Kaliningrad"]
[Date "2019.06.16"]
[Round "5.8"]
[White "Khomich, Maryna"]
[Black "Baranova, Zlatoslava"]
[Result "1-0"]
[WhiteElo "1316"]
[BlackElo "1111"]
[PlyCount "91"]
[EventDate "2019.06.13"]
[EventType "swiss"]
[EventRounds "9"]
[EventCountry "RUS"]
[SourceTitle "EXT 2022"]
[Source "ChessBase"]
[SourceDate "2021.10.06"]
[SourceVersion "1"]
[SourceVersionDate "2021.10.06"]
[SourceQuality "1"]

1. c4 e5 2. Nc3 Nf6 3. Nf3 Nc6 4. g3 Bb4 5. Bg2 Bxc3 6. bxc3 d6 7. Rb1 Rb8 8. 0-0 0-0 9. d4 h6 10. Qc2 Re8 11. e3 Bd7 12. Ba3 Qc8 13. Qb3 exd4 14. cxd4 Ne4 15. Rb2 Na5 16. Qc2 Nf6 17. c5 dxc5 18. Bxc5 b6 19. Bb4 Nb7 20. Rc1 Nd5 21. Ba3 c6 22. Ne5 Re6 23. Nxd7 Qxd7 24. Bh3 Rc8 25. e4 Nf6 26. d5 Nxd5 27. exd5 Qxd5 28. Bxe6 Qxe6 29. Rb3 c5 30. Re3 Qd6 31. Bb2 f6 32. Qc4+ Kh8 33. Qe6 Qxe6 34. Rxe6 Rc7 35. Rce1 Na5 36. Re8+ Kh7 37. R8e7 Rxe7 38. Rxe7 Kg6 39. Rxa7 Nc4 40. Bc3 Nd6 41. Bd2 b5 42. Be3 c4 43. Rd7 Ne4 44. Rb7 Nc3 45. a3 Nb1 46. a4 1-0

[Event "Kaliningrad Amateur U20"]
[Site "Kaliningrad"]
[Date "2019.06.16"]
[Round "6.5"]
[White "Khomich, Maryna"]
[Black "Patapovich, Mitrafan"]
[Result "1-0"]
[WhiteElo "1316"]
[BlackElo "1275"]
[PlyCount "63"]
[EventDate "2019.06.13"]
[EventType "swiss"]
[EventRounds "9"]
[EventCountry "RUS"]
[SourceTitle "EXT 2022"]
[Source "ChessBase"]
[SourceDate "2021.10.06"]
[SourceVersion "1"]
[SourceVersionDate "2021.10.06"]
[SourceQuality "1"]

1. c4 c5 2. Nf3 Nf6 3. g3 e6 4. Nc3 d5 5. cxd5 exd5 6. d4 c4 7. Bg2 Nc6 8. 0-0 Bb4 9. Bg5 h6 10. Bxf6 gxf6 11. a3 Bxc3 12. bxc3 Bf5 13. Nd2 0-0 14. e4 Be6 15. Qh5 dxe4 16. Bxe4 f5 17. Bxf5 Qa5 18. Qg4+ Kh8 19. Bxe6 fxe6 20. Qxe6 Qxc3 21. Qxh6+ Kg8 22. Rac1 Qxd4 23. Rxc4 Qg7 24. Qe6+ Qf7 25. Rg4+ Kh8 26. Qh6+ Qh7 27. Qg5 Rf5 28. Qe3 Raf8 29. Rh4 Rh5 30. Qc3+ Ne5 31. Rxh5 Qxh5 32. f4 1-0